书目信息 |
| 题名: |
盛明杂剧
|
|
| 作者: | 沈泰 编 | |
| 分册: | 初集 | |
| 出版信息: | 北京 中国书店 |
|
| 页数: | 全一册 | |
| 开本: | 18.5*14.5cm | |
| 丛书名: | ||
| 单 册: | ||
| 中图分类: | I237.1 | |
| 科图分类: | ||
| 主题词: | 戏剧文学--剧本--中国 | |
| 电子资源: | ||
| ISBN: | ||
| 000 | 00622nam0 2200217 450 | |
| 001 | 0658489157 | |
| 005 | 20061027162213.03 | |
| 010 | @b线装@dCNY210.00(全套) | |
| 100 | @a20061027d km y0chiy0120 ea | |
| 101 | 0 | @achi |
| 200 | 1 | @a盛明杂剧@h初集@h六@Asheng ming za ju@f(明)沈泰编@F(ming)shen tai bian |
| 205 | @a影印本 | |
| 210 | @a北京@c中国书店 | |
| 215 | @a全一册@d18.5*14.5cm | |
| 300 | @a第一至第八册为一函,共三函三十卷 | |
| 305 | @a清诵芬室仿明本精刊本 | |
| 606 | 0 | @a戏剧文学@x剧本@x中国 |
| 690 | @aI237.1@v3 | |
| 701 | 0 | @a沈泰@Ashen tai@4编 |
| 801 | 0 | @aCN@bPFT@c20061027 |
| 905 | @a10447@dI237.1@e15:1(6) | |
| 盛明杂剧.初集.六/(明)沈泰编.-影印本.-北京:中国书店 |
| 全一册;18.5*14.5cm |
| 第一至第八册为一函,共三函三十卷 |
| ISBN (线装):CNY210.00(全套) |
| ● |
| 相关链接 |
|
|
|
|
正题名:盛明杂剧
索取号:I237.1/15:1(6)
 
预约/预借
| 序号 | 登录号 | 条形码 | 馆藏地/架位号 | 状态 | 备注 |
| 1 | 0223367 | 202431092 | 古籍典藏专区/ [索取号:I237.1/15:1(6)] | 在馆 |